LEADER 01137nam a2200253 i 4500 001 000000106328 003 CaOOAMICUS 005 20070716092159.0 008 070716s2005 it u000 u ita r 040 $aPUL$bita$dLDB 245 00$aMandato di arresto europeo e procedure di consegna :$bcommento alla legge 22 aprile 2005, n. 69 /$ca cura di Luigi Kalb. 260 $aMilano :$bGiuffrè,$c2005. 300 $axii, 917 p. ;$c24 cm. 490 1 $aPrima interpretazione ;$v10 650 04$aDiritto penale.$0(OLS)http://pul/subject/1808 700 1 $aKalb, Luigi.$0(OLS)http://pul/name/65272 830 0$aPrima interpretazione ;$v10.$0(OLS)http://pul/title/133896 850 $aPUL 852 $aPUL$W1$xSL Diritto e Scienze Sociali 3$y79$m341. 488 KALLU 1$j119528$qDDC 21$B119329$CPULBib$Z2$F119329 $H104197 $82 941 1 $a9 960 $aPena (diritto)$91808 960 $aPena (diritto)$91808 996 $6245$aMandato di arresto europeo e procedure di consegna :$bcommento alla legge 22 aprile 2005, n. 69$9(OLS)http://pul/title/133895 996 $6260$aMilano :$bGiuffrè$9(OLS)http://pul/publisher/48401 LEADER 01469nam a2200313 a 4500 001 000000122853 003 CaOOAMICUS 005 20100831131933.0 008 100831s2010 vc f u000 u ita r 020 $a978-88-209-8201-0 040 $aPUL$bita$dReb 041 0 $aita$agrc 082 04$a264 100 1 $aParenti, Stefano,$d1959-$0(OLS)http://pul/name/23285 245 10$aA Oriente e Occidente di Costantinopoli :$btemi e problemi liturgici di ieri e di oggi /$cStefano Parenti. 260 $aCittà del Vaticano :$bLibreria editrice vaticana,$c©2010. 300 $a348 p., [8] c. di tav. ;$c24 cm 490 1 $aMonumenta studia instrumenta liturgica ;$v54 504 $aComprende rifermenti bibliografici ed indici. 546 $aTesto in italiano con parti in greco. 650 4$aLiturgia bizantina.$0(OLS)http://pul/subject/12719 830 0$aMonumenta studia instrumenta liturgica ;$v54.$0(OLS)http://pul/title/67037 850 $aPUL 852 $aPUL$W1$xSL Religione 3$y85$m264 PARST 1$j141087$qDDC 21$B140178$CPULBib$Z2$F140178 $H113270 $82 941 1 $a9 996 $6020$a978-88-209-8201-0$9(OLS)http://pul/number/145271 996 $6082$a264$9(OLS)http://pul/classification/492 996 $6245$aA Oriente e Occidente di Costantinopoli :$btemi e problemi liturgici di ieri e di oggi$9(OLS)http://pul/title/154861 996 $6260$aCittà del Vaticano :$bLibreria editrice vaticana$9(OLS)http://pul/publisher/47920